000 01012cad a22002295a 4500
001 E150193
008 100611s2010 xxk f 000 0 eng d
035 _a(Sirsi) u150193
041 0 _aeng
110 2 _aUniversity College London
_93552
245 0 0 _aSpace standards
_bthe benefits
_h[electronic resource]
260 _a[S.l.]
_bCABE
_c2010
490 0 _aHousing Standards Evidence and Research
520 _aLooks at the benefits of minimum floor space standards for new homes, from the 19th century onwards. Suggests that the benefits of such regulation by the public sector are implied but not always clearly specified, and highlights what the benefits are.
521 _aAdvanced
590 _aKA
651 4 _aUnited Kingdom
_y
690 _aBUILT ENVIRONMENT-BUILDING STANDARDS
690 _aPROPERTY-RESIDENTIAL PROPERTY-DOMESTIC RESIDENTIAL PROPERTY-HOUSING
856 4 0 _uhttps://www.cabe.org.uk/publications/housing-standards
_zView the report free of charge at www.cabe.org.uk
942 _n0
999 _c110785
_d110785